| 000 | 00827nam a2200229Ia 4500 | ||
|---|---|---|---|
| 008 | 130821s2000 sp gr spa | ||
| 020 | _a8430603824 | ||
| 040 |
_aCo-BoUCM _bspa |
||
| 041 | 0 | 0 | _aspa |
| 100 | 1 |
_aNietzsche, Friedrich Wilhelm _d1844-1900 _954237 |
|
| 245 | 1 | 3 |
_aEl libro del filósofo seguido de retórica y lenguaje _cFriedrich Nietzsche |
| 250 | _a2a. ed. | ||
| 260 |
_aMadrid (España) _bTaurus _c2000 |
||
| 300 | _a189 páginas | ||
| 501 | _aRetórica y lenguaje | ||
| 600 | 1 | 4 |
_aNietzsche, Friedrich Wilhelm _d1844-1900 _vColecciones de escritos _9131476 |
| 600 | 1 | 4 |
_aNietzsche, Friedrich Wilhelm _d1844-1900 _xPensamiento filosófico _9162460 |
| 650 | 0 | 4 |
_aFilosofía alemana _97622 |
| 650 | 0 | 4 |
_aFilosofía _975 |
| 650 | 0 | 4 |
_aLenguaje _918359 |
| 942 |
_cLIBRO _a2 _e2 _mN677L _2DEWEY _h193 |
||
| 999 |
_c48314 _d48314 |
||